| 000 | 00490nam a2200181Ia 4500 | ||
|---|---|---|---|
| 008 | 180921t1997 xxu||||| |||| 00| 0 sin d | ||
| 041 | _asin | ||
| 080 |
_a681.1 _bAMA |
||
| 100 | _aAmarasinghe, Shalee | ||
| 245 | _aවාහන විදුලි ශිල්පය | ||
| 246 | _aVaahana viduli shilpaya | ||
| 260 |
_bM.D. Gunasena _aColombo _c1997 |
||
| 300 | _a104p., ill., 22 cm | ||
| 650 | _aVehicles | ||
| 942 | _cBK | ||
| 999 |
_c15287 _d15287 |
||
| 003 | LK-CoDNM | ||
| 040 |
_aLK-CoDNM _dLK-CoDNM _eLK-CoDNM |
||